Những điều kỳ thú trong thế giới động vật : Sách thiếu nhi

Sách đề cập đến những loại hình, ngôn ngữ hết sức độc đáo, đa dạng và kì lạ của một số loài động vật biểu hiện qua tiếng kêu, điệu bộ, mùi vị. Bên cạnh sách còn đề cập đến những loài bò sát khổng lồ thời tiền sử như khủng lo...

Celý popis

Uloženo v:
Podrobná bibliografie
Médium: Kniha
Jazyk:Undetermined
Vydáno: Hà Nội Giáo Dục 1998
Témata:
Tagy: Přidat tag
Žádné tagy, Buďte první, kdo otaguje tento záznam!
Thư viện lưu trữ: Trung tâm Học liệu Trường Đại học Cần Thơ
LEADER 00992nam a2200217Ia 4500
001 CTU_29570
008 210402s9999 xx 000 0 und d
020 |b 6.500đ 
020 |c 6500 
082 |a 590 
082 |b Nh556 
245 0 |a Những điều kỳ thú trong thế giới động vật : 
245 0 |b Sách thiếu nhi 
245 0 |c Phan Thanh Quang sưu tầm và biên soạn 
260 |a Hà Nội 
260 |b Giáo Dục 
260 |c 1998 
520 |a Sách đề cập đến những loại hình, ngôn ngữ hết sức độc đáo, đa dạng và kì lạ của một số loài động vật biểu hiện qua tiếng kêu, điệu bộ, mùi vị. Bên cạnh sách còn đề cập đến những loài bò sát khổng lồ thời tiền sử như khủng long. 
650 |a Zoology 
904 |i Minh 
980 |a Trung tâm Học liệu Trường Đại học Cần Thơ